Cargando...
ദിർഹം /
| Autor principal: | |
|---|---|
| Otros Autores: | |
| Formato: | Printed Book |
| Publicado: |
Kannur:
New books publishers,
2018.
|
| Materias: |
| LEADER | 00589nam a22001697a 4500 | ||
|---|---|---|---|
| 020 | |a 9789382279358 | ||
| 082 | |a 894.8123 |b SHA-D | ||
| 100 | |a ശാഹുൽ വളപട്ടണം . | ||
| 245 | |a ദിർഹം / | ||
| 260 | |a Kannur: |b New books publishers, |c 2018. | ||
| 300 | |a 175p.; | ||
| 650 | |a Malayalam literature-fiction | ||
| 650 | |a Dirham | ||
| 700 | |a Shahul Valapattanam. | ||
| 942 | |c BK | ||
| 999 | |c 53460 |d 53460 | ||
| 952 | |0 0 |1 0 |4 0 |6 894_812300000000000_SHAD |7 0 |9 67581 |a KU |b KU |d 2019-03-18 |e PICO.A2/5736/2013 dtd 02/05/2018 |g 200.00 |l 0 |o 894.8123 SHA-D |p CL03695 |r 2019-03-18 |w 2019-03-18 |y BK | ||